Loading...

The Ganges in myth and history /

Bibliographic Details
Main Author: Darian, Steven G.
Format: Printed Book
Published: Delhi : Motilal Banarsidass, 2001.
Subjects:
LEADER 00479 a2200121 4500
020 |a 8120817575(cloth) 
020 |a 8120817613(paper) 
100 1 |a Darian, Steven G. 
245 1 4 |a The Ganges in myth and history /  |c Steven G. Darian. 
260 |a Delhi :  |b Motilal Banarsidass,  |c 2001. 
650 |a Mythology 
999 |c 284055  |d 284055 
952 |0 0  |1 0  |2 ddc  |4 0  |6 398_232000000000000_DAR_G  |7 0  |8 NFIC  |9 322216  |a FLK  |b FLK  |c GEN  |d 2016-01-04  |e BK  |g 195.00  |i 2125  |l 0  |o 398.232 DAR/G  |p FLK2125  |r 2016-01-29  |w 2016-01-29  |y BK